| 000 | 00673nam a2200217Ia 4500 | ||
|---|---|---|---|
| 001 | 3877 | ||
| 003 | GE_BSU | ||
| 008 | 181216s||||||||xx |||||||||||||| ||und|| | ||
| 040 | _cGE_BSU | ||
| 080 | _a621.396.67 | ||
| 100 | _aФрадин,А.З. Рыжков,Е.В. | ||
| 245 | _aИзмерение параметров антенно-фидерных устроиств. | ||
| 245 | _cРед. Е.С.Новикова. | ||
| 260 | _aМ. | ||
| 260 | _bСвязьиздат. | ||
| 260 | _c1962. | ||
| 300 | _a316 стр. 21 см. | ||
| 541 | _h20 л. | ||
| 653 | _aИзмерение параметров антенно-фидерных устроиств. | ||
| 942 | _cBK | ||
| 999 |
_c37899 _d37899 |
||